| 000 | 00754nam a2200253Ia 4500 | ||
|---|---|---|---|
| 005 | 20260601193250.0 | ||
| 008 | 260601s9999||||xx |||||||||||||| ||und|| | ||
| 020 |
_a978-981-97-6125-8 _qebk |
||
| 100 | _aJinyang Guo | ||
| 245 | 0 | _aGeneralizing from Limited Resources in the Open World | |
| 250 | _a2024 | ||
| 260 |
_aHeidelberg, Germany _bSpringer Nature _c2024 |
||
| 440 | _aCommunications in Computer and Information Science | ||
| 650 | _aComputer Science | ||
| 700 | _aChangyi He | ||
| 700 | _aRuihao Gong | ||
| 700 | _aXianglong Liu | ||
| 700 | _aXingyu Zheng | ||
| 700 | _aYantao Lu | ||
| 700 | _aYifu Ding | ||
| 700 | _aYuqing Ma | ||
| 856 | _uhttps://link.springer.com/openurl?genre=book&isbn=978-981-97-6125-8 | ||
| 942 |
_cEB _2ddc |
||
| 999 |
_c56704 _d56704 |
||